Enduring socialism : explorations of revolution and transformation, restoration and continuation /

Bibliographic Details
Other Authors: West, Harry G., Raman, Parvathi
Format: Book
Language:English
Published: New York : Berghahn Books, 2009.
Subjects:

MARC

Tag First Indicator Second Indicator Subfields
LEADER 00000cam a22000004a 4500
001 in00002481908
005 20151110041758.0
008 080724s2009 nyua b 001 0 eng
010 |a  2008032548 
020 |a 9781845454647 (hardback : alk. paper) 
020 |a 1845454642 (hardback : alk. paper) 
035 |a (OCoLC)ocn239230082 
035 |a (OCoLC)239230082 
040 |a DLC  |c DLC  |d YDX  |d BAKER  |d YDXCP  |d CDX  |d UtOrBLW 
049 |a TXAM 
050 0 0 |a HX44.5  |b .E63 2009 
082 0 0 |a 335  |2 22 
245 0 0 |a Enduring socialism :  |b explorations of revolution and transformation, restoration and continuation /  |c edited by Harry G. West and Parvathi Raman. 
264 1 |a New York :  |b Berghahn Books,  |c 2009. 
300 |a vi, 277 pages :  |b illustrations ;  |c 25 cm. 
336 |a text  |b txt  |2 rdacontent 
337 |a unmediated  |b n  |2 rdamedia 
338 |a volume  |b nc  |2 rdacarrier 
504 |a Includes bibliographical references and index. 
650 0 |a Post-communism. 
650 0 |a Socialism. 
650 0 |a Communism. 
700 1 |a West, Harry G. 
700 1 |a Raman, Parvathi. 
938 |a Baker & Taylor  |b BKTY  |c 95.00  |d 95.00  |i 1845454642  |n 0007661593  |s active 
938 |a YBP Library Services  |b YANK  |n 2872625 
938 |a Coutts Information Services  |b COUT  |n 8202382 
945 |a PromptCat  |b 602115 
946 |a stk 
947 |a A14837424664 
994 |a 92  |b TXA 
948 |a cataloged  |b h  |d 2009/1/22  |h c  |e asalazar  |f 8:51:40 am 
999 |a MARS 
999 f f |s a385cd18-0de6-3b45-af70-94ee2058e307  |i 45b6629b-7b2e-30f0-8184-9f64f408518e  |t 0 
952 f f |p normal  |a Texas A&M University  |b College Station  |c Sterling C. Evans Library  |d Evans: Library Stacks  |t 0  |e HX44.5 .E63 2009  |h Library of Congress classification  |i unmediated -- volume  |m A14837424664 
998 f f |a HX44.5 .E63 2009  |t 0  |l Evans: Library Stacks